|
|
|
|
| LEADER |
00000nab#a22000007a#4500 |
| 001 |
arbauad030499 |
| 003 |
AR-BaUAD |
| 005 |
20250711112503.0 |
| 008 |
980323|||||||||###||||||b###|0###a|spa|| |
| 040 |
|
|
|a AR-BaUAD
|c AR-BaUAD
|b spa
|
| 100 |
|
|
|a Bolelli, Franco
|
| 245 |
|
|
|a Saltare le rapide /
|c Franco Bolelli;
|
| 300 |
0 |
|
|b fot.
|
| 653 |
|
|
|a ANTROPOLOGIA
|
| 653 |
|
|
|a SOCIOLOGIA
|
| 653 |
|
|
|a USOS Y COSTUMBRES
|
| 773 |
0 |
|
|t MODO
|g no. 186 [ene.-feb. 1998], p. 41-43
|
| 942 |
|
|
|c ARTI
|
| 952 |
|
|
|0 0
|1 0
|4 0
|7 0
|9 75418
|a AR-BAuAD
|b AR-BAuAD
|d 2025-07-11
|l 0
|p AAQA030499
|r 2025-07-11 11:25:03
|w 2025-07-11
|y ARTI
|
| 990 |
|
|
|a CS199
|b TD
|
| 990 |
|
|
|a DI199
|b TD
|
| 998 |
|
|
|a AAQ
|b BIBUN76
|
| 999 |
|
|
|c 55091
|d 55091
|